000 00551nam a22001817a 4500
999 _c6693
_d6693
003 OSt
005 20200302161224.0
008 200302b ||||| |||| 00| 0 eng d
020 _a1841870889
040 _cDDC.
082 _a303.327EFF 2004.
100 _aSave The Children.
_99617
245 _aEffective Peer education.working with children and young people on sexual and reproductive Health and Hiv/aids.
260 _aUK,
_bSave the Children.
_c2004.
300 _avi,169p;
_bcol,ill;
_c29cm.
650 _aPsychology.
_931
942 _2ddc
_cO_SHELF